Differential thermal analysis /

Bibliographic Details
Other Authors: Mackenzie, Robert Cameron
Format: Book
Language:English
Published: London, New York : Academic Press, 1970-72.
Subjects:

MARC

Tag First Indicator Second Indicator Subfields
LEADER 00000cam a22000001 4500
001 in00000071871
005 20151008062432.0
008 730108m19701972enka b 00000 eng
010 |a  68057747  
015 |a B*** 
020 |a 0124644015 (v. 1) 
035 |a (OCoLC)00543964 
035 |9 AAK0221AM 
040 |a DLC  |c DLC  |d TXA  |d UtOrBLW 
049 |a TXAM  |c 1  |v 1 [642020]  |v 2 [1205371]  |c 2  |v 2 [1502032] 
050 0 0 |a QD79.T38  |b D53 
082 0 |a 543/.086 
245 0 0 |a Differential thermal analysis /  |c Edited by R. C. Mackenzie. 
264 1 |a London,  |a New York :  |b Academic Press,  |c 1970-72. 
300 |a 2 volumes :  |b illustrations ;  |c 24 cm. 
336 |a text  |b txt  |2 rdacontent 
337 |a unmediated  |b n  |2 rdamedia 
338 |a volume  |b nc  |2 rdacarrier 
504 |a Includes bibliographies. 
505 0 |a v. 1. Fundamental aspects.--v. 2. Applications. 
650 0 |a Thermal analysis. 
700 1 |a Mackenzie, Robert Cameron. 
999 |a MARS 
999 f f |s a8f554cf-73ae-3615-86a7-5b73e1329f5d  |i b2e573cb-d0d5-367f-ba57-b23eaf188cab  |t 0 
952 f f |p normal  |a Texas A&M University  |b College Station  |c Sterling C. Evans Library  |s Evans stk  |d Evans: Library Stacks  |t 0  |e QD79.T38 D53  |h Library of Congress classification  |i unmediated -- volume  |k v.2  |m A14806210935 
952 f f |p normal  |a Texas A&M University  |b College Station  |c Sterling C. Evans Library  |s Evans stk  |d Evans: Library Stacks  |t 0  |e QD79.T38 D53  |h Library of Congress classification  |i unmediated -- volume  |k v.1  |m A14806210927 
998 f f |a QD79.T38 D53  |s v.1-v.2  |t 0  |l Evans: Library Stacks